• 首页
  • 本馆介绍
  • 公告通知
  • 最新文献
  • 馆藏检索
  • 电子资源
  • 读者导购
  • 参考咨询
  • 我的图书馆
  • 登录
  • 详细信息显示
  • 放入我的书架
  • 预约/预借图书
  • 作者相关作品
  • 分类相关作品
  • 丛书相关作品
  • 出版社相关作品

书目信息

  • 表格格式
  • 工作单格式
  • 卡片格式
题名:
防原医学与放射卫生学基础
    
 
作者: ;中国人民解放军北京59172部队 著
分册:  
出版信息: 北京   原子能出版社  1978
页数: 349页
开本: 26cm
丛书名:
单 册:
中图分类: R14
科图分类:
主题词: 放射病--防治 , 放射卫生学 , 放射卫生
电子资源:
ISBN:
000 00809nam0 2200253 45
001 0178000892
005 20060420092703.51
010    @dCNY2.50
091    @a15175.127
100    @a19950802d1978 em y0chiy0121 ea
101 0  @achi
102    @aCN@b110000
105    @af z 000yy
200 10 @a防原医学与放射卫生学基础@Afang yuan yi xue yu fang she wei sheng xue ji chu@f中国人民解放军北京59172部队著@Fzhong guo ren min jie fang jun bei jing 59172 bu dui zhu
210    @a北京@c原子能出版社@d1978
215    @a349页@c图@d26cm
300    @a内部发行
606    @a放射病@x防治
606    @a放射卫生学
606 0  @a放射卫生
690    @aR14@v4
711  0 @a中国人民解放军北京59172部队@Azhong guo ren min jie fang jun bei jing 59172 bu dui@4著
801  0 @aCN@bTSSF@c20060420
905    @a10447@dR14@e1
    
    防原医学与放射卫生学基础/中国人民解放军北京59172部队著.-北京:原子能出版社,1978
    349页:图;26cm
    内部发行
    
    ISBN :CNY2.50
    
●
相关链接 在E读中查询图书 在五车中查询图书 在当当中查询图书 在豆瓣中查询图书


正题名:防原医学与放射卫生学基础     索取号:R14/1         预约/预借

序号 登录号 条形码 馆藏地/架位号 状态 备注
1 0005025   202269482   密集书库/ [索取号:R14/1] 在馆    
唐山师范学院图书馆 欢迎您!
大连网信软件有限公司© 版权所有